[Event "Politiken Cup 2007"]
[Site "Helsingor"]
[Date "2007.07.23"]
[Round "4.134"]
[White "Lindgaard, Tobias S"]
[Black "Christensen, Casper"]
[Result "0-1"]
[WhiteElo "1244"]
[BlackElo "1524"]
[PlyCount "44"]
[EventDate "2007.??.??"]

1. c4 e5 2. Nc3 Bc5 3. e3 Nc6 4. a3 Nf6 5. d3 O-O 6. b4 Be7 7. Bb2 d5 8. cxd5
Nxd5 9. Nf3 Bf6 10. Be2 e4 11. Nd4 Nxd4 12. exd4 Bxd4 13. Qc2 exd3 14. Qxd3 Nf4
15. Qd2 Nxe2 16. Nxe2 Bxf2+ 17. Kd1 Qxd2+ 18. Kxd2 Rd8+ 19. Kc2 Bf5+ 20. Kb3
Rd2 21. Ng3 Be6+ 22. Kc3 Rad8 0-1

[Event "Politiken Cup 2007"]
[Site "Helsingor"]
[Date "2007.07.23"]
[Round "4.136"]
[White "Brøndum, Jan"]
[Black "Zmylon, Frederik Nielsen"]
[Result "0-1"]
[WhiteElo "1504"]
[BlackElo "1174"]
[PlyCount "25"]
[EventDate "2007.??.??"]

1. Nc3 e5 2. Nb1 Nc6 3. e4 Nf6 4. Nc3 Bb4 5. d3 O-O 6. Be2 Nd4 7. Bg5 Nxe2 8.
Ngxe2 h6 9. Bh4 d6 10. f3 Bc5 11. Qd2 c6 12. g4 g5 13. Bxg5 0-1

[Event "Politiken Cup 2007"]
[Site "Helsingor"]
[Date "2007.07.23"]
[Round "4.137"]
[White "Olafsson, Olafur Senior"]
[Black "Brandt, Jan-Erik"]
[Result "1-0"]
[WhiteElo "1500"]
[BlackElo "1000"]
[PlyCount "75"]
[EventDate "2007.??.??"]

1. d4 d5 2. e3 Nc6 3. h3 Nf6 4. c4 e6 5. a3 b6 6. Nc3 a6 7. Bd3 Be7 8. Nge2 e5
9. cxd5 Nxd5 10. Be4 Be6 11. O-O O-O 12. b4 b5 13. Bb2 Rb8 14. Qc2 g6 15. Nxb5
Rb6 16. Nbc3 Bf6 17. Rfd1 Nce7 18. Na4 Rb8 19. dxe5 Bg7 20. Nc5 Bf5 21. Bxf5
Nxf5 22. e4 Nfe3 23. fxe3 Nxe3 24. Rxd8 Rbxd8 25. Qb3 Rd2 26. Kf2 Nc4 27. Qxc4
Rxb2 28. Nd7 Rd8 29. Rd1 Kh8 30. Qxc7 Re8 31. Qc3 Ra2 32. Qb3 Ra1 33. Rxa1 Bxe5
34. Nxe5 Rxe5 35. Qxf7 Rxe4 36. Rd1 Re8 37. Rd7 Rxe2+ 38. Kxe2 1-0

[Event "Politiken Cup 2007"]
[Site "Helsingor"]
[Date "2007.07.23"]
[Round "4.138"]
[White "Nielsen, Bjørn"]
[Black "Pallesen, Jørn"]
[Result "0-1"]
[WhiteElo "1110"]
[BlackElo "1462"]
[PlyCount "74"]
[EventDate "2007.??.??"]

1. e4 c5 2. Nf3 g6 3. Bc4 Nc6 4. O-O Bg7 5. Nc3 d6 6. Rb1 Nf6 7. b3 Bg4 8. Be2
O-O 9. a4 a6 10. h3 Bd7 11. Qe1 Re8 12. Bb2 Nb4 13. Qc1 Nc6 14. d3 Nh5 15. Qd2
Nf6 16. Nd1 e5 17. Bc3 d5 18. exd5 Nxd5 19. Bb2 Nf4 20. Nh2 Nxe2+ 21. Qxe2 Nd4
22. Qd2 Bc6 23. Bxd4 exd4 24. Re1 Rxe1+ 25. Qxe1 Qd5 26. f3 Re8 27. Qg3 Be5 28.
c4 dxc3 29. Qf2 Bd4 30. Qxd4 Qxd4+ 31. Nf2 Re2 32. Nhg4 h5 33. Kh2 hxg4 34.
Nxg4 Bxf3 35. Rg1 Bxg4 36. hxg4 Qxg4 37. a5 Qh4# 0-1

[Event "Politiken Cup 2007"]
[Site "Helsingor"]
[Date "2007.07.24"]
[Round "5.2"]
[White "Thorhallsson, Throstur"]
[Black "Sargissian, Gabriel"]
[Result "0-1"]
[WhiteElo "2461"]
[BlackElo "2667"]
[PlyCount "82"]
[EventDate "2007.??.??"]

1. e4 e5 2. Nf3 Nc6 3. d4 exd4 4. Nxd4 Bc5 5. Nb3 Bb6 6. Qe2 d6 7. Be3 Nge7 8.
Nc3 O-O 9. O-O-O f5 10. Qd2 Be6 11. Kb1 Kh8 12. Bb5 fxe4 13. Nxe4 Nf5 14. Bg5
Qe8 15. Rhe1 Qg6 16. f3 Rae8 17. Bf4 h6 18. Bd3 Qf7 19. Nc3 Nce7 20. Na4 Ng6
21. Nxb6 axb6 22. Be3 Bc4 23. Bxf5 Qxf5 24. Qc3 Bxb3 25. axb3 Kh7 26. Bd4 c5
27. Bf2 d5 28. Bg3 d4 29. Qc4 Qd7 30. b4 Ra8 31. b3 Rfc8 32. bxc5 bxc5 33. Kb2
b5 34. Qe6 Qd8 35. Ra1 c4 36. b4 c3+ 37. Kb3 d3 38. Ra5 d2 39. Rd1 Rxa5 40.
bxa5 Rc4 41. Qb6 Qg8 0-1

[Event "Politiken Cup 2007"]
[Site "Helsingor"]
[Date "2007.07.24"]
[Round "5.3"]
[White "Krasenkow, Michal"]
[Black "Agrest, Evgenij"]
[Result "1-0"]
[WhiteElo "2660"]
[BlackElo "2541"]
[PlyCount "153"]
[EventDate "2007.??.??"]

1. d4 Nf6 2. c4 e6 3. Nf3 d5 4. g3 Bb4+ 5. Bd2 Be7 6. Bg2 O-O 7. O-O c6 8. Qb3
b6 9. Bg5 a5 10. Bxf6 Bxf6 11. Nbd2 Ba6 12. e4 dxc4 13. Nxc4 a4 14. Qc2 Bxd4
15. Rfd1 c5 16. Nxd4 cxd4 17. e5 Ra7 18. Nd6 d3 19. Qxa4 Nd7 20. Nb5 Bxb5 21.
Qxb5 Qc7 22. Rxd3 Qxe5 23. Qxe5 Nxe5 24. Rb3 Rb8 25. a4 Nd7 26. Rc3 Kf8 27. b4
Nf6 28. a5 bxa5 29. bxa5 Ke7 30. a6 Nd5 31. Rcc1 Kd6 32. Bf1 h5 33. h4 g6 34.
Rab1 Rb4 35. Kg2 Ra4 36. Rc8 Rb4 37. Rxb4 Nxb4 38. Bb5 Rxa6 39. Rc4 Rb6 40.
Rxb4 Kc5 41. Rf4 Kxb5 42. Rxf7 Kc5 43. Kf3 e5 44. Ke4 Re6 45. Rd7 Kc6 46. Rd5
Rf6 47. Rxe5 Kd6 48. f4 Re6 49. Kd4 Rf6 50. Ke3 Rf8 51. Rg5 Rf6 52. f5 gxf5 53.
Kf4 Rh6 54. Kxf5 Ke7 55. Rg6 Rh7 56. Rg8 Kf7 57. Ra8 Rh6 58. Ra7+ Kg8 59. Kg5
Rb6 60. Kxh5 Rb5+ 61. Kg4 Rb4+ 62. Kh3 Rb3 63. h5 Kh8 64. Kh4 Rb5 65. g4 Rb6
66. Ra4 Rb1 67. Ra8+ Kh7 68. Ra7+ Kh8 69. h6 Rb5 70. g5 Rb6 71. Rf7 Kg8 72. Rf5
Rb8 73. g6 Ra8 74. Kg5 Kh8 75. g7+ Kh7 76. Rf8 Rxf8 77. gxf8=B 1-0

[Event "Politiken Cup 2007"]
[Site "Helsingor"]
[Date "2007.07.24"]
[Round "5.5"]
[White "Berg, Emanuel"]
[Black "Zude, Erik Dr"]
[Result "1-0"]
[WhiteElo "2580"]
[BlackElo "2399"]
[PlyCount "93"]
[EventDate "2007.??.??"]

1. e4 e5 2. Nf3 Nc6 3. Bc4 Bc5 4. O-O Nf6 5. d3 a6 6. c3 Ba7 7. Re1 h6 8. Nbd2
O-O 9. h3 d6 10. Bb3 Be6 11. Nf1 Re8 12. Ng3 d5 13. exd5 Bxd5 14. Bc2 Qd7 15.
Be3 Bxe3 16. Rxe3 Rad8 17. Qe2 Qe6 18. Nd4 Qd7 19. Nxc6 Qxc6 20. c4 Bxg2 21.
Kh2 Bd5 22. cxd5 Nxd5 23. Bb3 Nxe3 24. fxe3 e4 25. Qh5 Kh8 26. d4 Rd7 27. Rf1
Rf8 28. Rf4 Qc1 29. Qe2 Qc6 30. Rxe4 Qd6 31. Rf4 Re7 32. Qf2 f5 33. Kg1 g6 34.
e4 Rd8 35. e5 Qb6 36. e6 c6 37. h4 h5 38. Qe3 Qc7 39. Kg2 b5 40. Rf1 a5 41.
Qh6+ Rh7 42. Qxg6 a4 43. Nxf5 axb3 44. Qf6+ Rg7+ 45. Kh3 Re8 46. Rg1 Ree7 47.
Rxg7 1-0

[Event "Politiken Cup 2007"]
[Site "Helsingor"]
[Date "2007.07.24"]
[Round "5.7"]
[White "Lund, Esben"]
[Black "Lie, Kjetil A"]
[Result "1-0"]
[WhiteElo "2396"]
[BlackElo "2536"]
[PlyCount "99"]
[EventDate "2007.??.??"]

1. d4 Nf6 2. c4 c5 3. d5 b5 4. cxb5 a6 5. bxa6 g6 6. Nc3 Bxa6 7. e4 Bxf1 8.
Kxf1 d6 9. g3 Bg7 10. Kg2 O-O 11. Nf3 Nbd7 12. Re1 Nb6 13. Qc2 Qd7 14. Bg5 Ng4
15. Rad1 Rfb8 16. Re2 Nc4 17. Bc1 Qa7 18. b3 Na3 19. Bxa3 Qxa3 20. h3 Ne5 21.
Nxe5 Bxe5 22. Nb1 Qa6 23. f4 Bg7 24. Qd3 Qc8 25. Rc1 Rb6 26. Rc4 Qb7 27. h4 e6
28. Kh2 Re8 29. dxe6 fxe6 30. Nd2 Qa6 31. Nf3 Rd8 32. Qc2 Rc6 33. Ra4 Qb7 34.
Ng5 Qd7 35. Rd2 d5 36. e5 Qe7 37. Qd3 Rdc8 38. Ra6 Qb7 39. Rxc6 Rxc6 40. h5 h6
41. Qxg6 hxg5 42. h6 Qf7 43. Qxg5 Kh7 44. Qxg7+ Qxg7 45. hxg7 Kxg7 46. Kg2 Kg6
47. Kf3 Ra6 48. Rc2 Kf5 49. Rxc5 Rxa2 50. Rc6 1-0

[Event "Politiken Cup 2007"]
[Site "Helsingor"]
[Date "2007.07.24"]
[Round "5.8"]
[White "Schandorff, Lars"]
[Black "Bleis, Christian Dr"]
[Result "1-0"]
[WhiteElo "2521"]
[BlackElo "2246"]
[PlyCount "54"]
[EventDate "2007.??.??"]

1. d4 f5 2. g3 Nf6 3. Bg2 e6 4. Nf3 Be7 5. O-O O-O 6. c4 d6 7. Nc3 Ne4 8. Nxe4
fxe4 9. Nd2 d5 10. f3 e3 11. Nb1 dxc4 12. Bxe3 Bf6 13. Na3 c5 14. dxc5 Bxb2 15.
Qxd8 Rxd8 16. Rad1 Rf8 17. Nxc4 Bf6 18. f4 Nc6 19. a3 Rf7 20. Rd3 Rc7 21. Rfd1
Kf8 22. Nd6 Ke7 23. g4 g6 24. Ne4 Bh4 25. Bc1 e5 26. Rh3 Nd4 27. Rxh4 Nxe2+ 1-0

[Event "Politiken Cup 2007"]
[Site "Helsingor"]
[Date "2007.07.24"]
[Round "5.9"]
[White "Holzke, Frank"]
[Black "Sorensen, Torben"]
[Result "0-1"]
[WhiteElo "2489"]
[BlackElo "2375"]
[PlyCount "60"]
[EventDate "2007.??.??"]

1. e4 c5 2. Nf3 Nc6 3. d4 cxd4 4. Nxd4 g6 5. c4 Bg7 6. Be3 Nf6 7. Nc3 Ng4 8.
Qxg4 Nxd4 9. Qd1 e5 10. Bd3 O-O 11. O-O d6 12. Qd2 a6 13. Ne2 Be6 14. Nxd4 exd4
15. Bh6 Bxh6 16. Qxh6 b5 17. cxb5 axb5 18. f4 f5 19. Qh3 Qf6 20. exf5 Bxf5 21.
Qf3 Qf7 22. Bxf5 Qxf5 23. a3 Rae8 24. Rac1 Re3 25. Qb7 Rf7 26. Rc8+ Kg7 27. Qb8
Qe4 28. Rg8+ Kh6 29. Qd8 Rxf4 30. Rf8 Re2 0-1

[Event "Politiken Cup 2007"]
[Site "Helsingor"]
[Date "2007.07.24"]
[Round "5.11"]
[White "Skytte, Rasmus"]
[Black "Ringoir, Tanguy"]
[Result "1/2-1/2"]
[WhiteElo "2416"]
[BlackElo "2208"]
[PlyCount "47"]
[EventDate "2007.??.??"]

1. b3 e5 2. Bb2 Nc6 3. e3 d5 4. Bb5 Bd6 5. Nf3 Qe7 6. c4 Bd7 7. cxd5 Nb4 8.
Bxd7+ Qxd7 9. O-O Qf5 10. Nc3 Nf6 11. Qe2 Qd3 12. Qxd3 Nxd3 13. Rab1 O-O 14.
Ba1 Bb4 15. Ne1 Nxe1 16. Rfxe1 e4 17. Red1 Rfd8 18. Bb2 Rd7 19. a3 Bxc3 20.
dxc3 Nxd5 21. c4 Nb6 22. Rd4 Rad8 23. Kf1 f5 24. Rbd1 1/2-1/2

[Event "Politiken Cup 2007"]
[Site "Helsingor"]
[Date "2007.07.24"]
[Round "5.12"]
[White "Blomqvist, Erik"]
[Black "Stripunsky, Alexander"]
[Result "1-0"]
[WhiteElo "2313"]
[BlackElo "2589"]
[PlyCount "133"]
[EventDate "2007.??.??"]

1. e4 c5 2. Nf3 e6 3. d4 cxd4 4. Nxd4 a6 5. Bd3 Bc5 6. Nb3 Ba7 7. Qg4 Nf6 8.
Qg3 d6 9. Nc3 Nc6 10. Bg5 h6 11. Bd2 Ne5 12. Be2 g5 13. O-O-O Bd7 14. f4 gxf4
15. Bxf4 Rg8 16. Qh3 Qe7 17. Rhf1 Rg6 18. Be3 Bxe3+ 19. Qxe3 Bc6 20. g3 O-O-O
21. Kb1 Qc7 22. Rf4 Be8 23. a3 Kb8 24. Qd2 Ng8 25. Rdf1 Rg5 26. Rd1 Rg7 27. Qe3
Rg5 28. Rff1 Nc6 29. Rd2 Re5 30. Qf4 Qe7 31. Rfd1 h5 32. Nd4 Nxd4 33. Rxd4 f6
34. Qd2 Kc7 35. Bf1 Bc6 36. Rc4 b5 37. Rd4 f5 38. Bg2 Nf6 39. exf5 Bxg2 40.
Qxg2 Rxf5 41. a4 Qe8 42. Qe2 Rc5 43. h3 e5 44. Rb4 Rb8 45. axb5 axb5 46. Qf3
Qe6 47. g4 hxg4 48. hxg4 Ne8 49. g5 Kc8 50. Rh1 Rb7 51. Rh8 Rf7 52. Qa8+ Kd7
53. Rb3 Nc7 54. Qg2 Rc4 55. g6 Rg7 56. Rh7 Qe7 57. Ne4 d5 58. Rxg7 Qxg7 59. Rh3
Kc6 60. Rh7 Qg8 61. Nf6 Qa8 62. Qh3 Kb6 63. g7 Qa5 64. g8=Q Qe1+ 65. Ka2 Ra4+
66. Qa3 Rxa3+ 67. bxa3 1-0

[Event "Politiken Cup 2007"]
[Site "Helsingor"]
[Date "2007.07.24"]
[Round "5.13"]
[White "Coleman, Teddy"]
[Black "Hillarp Persson, Tiger"]
[Result "0-1"]
[WhiteElo "2248"]
[BlackElo "2568"]
[PlyCount "64"]
[EventDate "2007.??.??"]

1. d4 g6 2. c4 Bg7 3. Nc3 d6 4. e4 e5 5. d5 a5 6. a3 Na6 7. b4 Nf6 8. f3 O-O 9.
Be3 c6 10. Bd3 Nh5 11. Qd2 Nf4 12. Bf1 cxd5 13. cxd5 axb4 14. axb4 Bd7 15. Rb1
f5 16. g3 Rc8 17. Rb3 Nh5 18. Bg2 Nf6 19. exf5 gxf5 20. Nge2 Qe8 21. O-O Qg6
22. Ra3 h5 23. Na4 f4 24. gxf4 Rc2 25. Qd1 h4 26. h3 Bxh3 27. Rf2 Bf5 28. fxe5
Nh5 29. e6 h3 30. Nb6 Nxb4 31. Nd7 Re8 32. Kh1 Rxe2 0-1

[Event "Politiken Cup 2007"]
[Site "Helsingor"]
[Date "2007.07.24"]
[Round "5.14"]
[White "Nyback, Tomi"]
[Black "Skovgaard, Peter"]
[Result "1-0"]
[WhiteElo "2567"]
[BlackElo "2256"]
[PlyCount "71"]
[EventDate "2007.??.??"]

1. d4 Nf6 2. c4 g6 3. Nc3 Bg7 4. e4 d6 5. f3 O-O 6. Be3 Nc6 7. Nge2 a6 8. Qd2
Rb8 9. Rc1 Bd7 10. Nd1 b5 11. c5 e5 12. d5 Ne7 13. c6 Bc8 14. g3 Ne8 15. Bg2 f5
16. Nf2 Nf6 17. O-O b4 18. a3 bxa3 19. bxa3 Rb3 20. Nc3 Nh5 21. Ba7 Rxa3 22.
Qb2 Rxc3 23. Qxc3 Nf6 24. Rb1 g5 25. Qa5 g4 26. fxg4 fxe4 27. Nxe4 Nfxd5 28.
Rxf8+ Kxf8 29. Ng5 h6 30. Bxd5 Nxd5 31. Nh7+ Kg8 32. Qxd5+ Kxh7 33. Qe4+ Kh8
34. Qg6 d5 35. Be3 Qf8 36. Rf1 1-0

[Event "Politiken Cup 2007"]
[Site "Helsingor"]
[Date "2007.07.24"]
[Round "5.15"]
[White "Aabling-Thomsen, Jakob"]
[Black "Hector, Jonny"]
[Result "1/2-1/2"]
[WhiteElo "2242"]
[BlackElo "2550"]
[PlyCount "109"]
[EventDate "2007.??.??"]

1. e4 e5 2. Nf3 Nc6 3. Bb5 a6 4. Bxc6 dxc6 5. O-O Bg4 6. h3 Bh5 7. g4 Bg6 8.
Nxe5 Bd6 9. Nf3 h5 10. g5 Qd7 11. Kg2 Ne7 12. Nc3 h4 13. d4 Bb4 14. Ne5 Qd6 15.
Qd3 Bh5 16. Nc4 Qd7 17. Ne5 Qe6 18. f4 Bxc3 19. bxc3 f5 20. Rb1 b6 21. Ba3 c5
22. c4 O-O 23. dxc5 Rad8 24. Qc3 b5 25. c6 b4 26. Bxb4 fxe4 27. Bxe7 Qxe7 28.
Qe3 Bf3+ 29. Nxf3 exf3+ 30. Rxf3 Qxe3 31. Rxe3 Rxf4 32. Rbe1 Kh7 33. Re4 Rd2+
34. Kg1 Rff2 35. Rxh4+ Kg6 36. Rg4 Rxc2 37. a4 Rfd2 38. Re6+ Kh5 39. Re1 g6 40.
Rf1 a5 41. Rf7 Rc1+ 42. Rf1 Rc3 43. Rf7 Rc1+ 44. Rf1 Rxf1+ 45. Kxf1 Ra2 46. Re4
Rxa4 47. Ke2 Rb4 48. Re7 Rxc4 49. Rxc7 a4 50. Ra7 Rxc6 51. Rxa4 Rc3 52. Ra8
Rxh3 53. Rh8+ Kg4 54. Rh6 Rh5 55. Rxg6 1/2-1/2

[Event "Politiken Cup 2007"]
[Site "Helsingor"]
[Date "2007.07.24"]
[Round "5.17"]
[White "Nielsen, Lars Aaes"]
[Black "Ivanov, Mikhail M"]
[Result "0-1"]
[WhiteElo "2242"]
[BlackElo "2455"]
[PlyCount "127"]
[EventDate "2007.??.??"]

1. e4 g6 2. d4 Bg7 3. Be3 d6 4. Nc3 a6 5. Nf3 Nd7 6. h3 b5 7. a3 Bb7 8. d5 c5
9. dxc6 Bxc6 10. Bd4 Ngf6 11. Bd3 O-O 12. O-O e5 13. Be3 Nh5 14. Re1 Nc5 15. b4
Nxd3 16. Qxd3 Rc8 17. Rad1 Bb7 18. Nd5 h6 19. Bb6 Qd7 20. Be3 Qe6 21. g4 Nf6
22. Nxf6+ Qxf6 23. Nd2 Rcd8 24. Bb6 Rde8 25. Ba7 h5 26. Nf1 hxg4 27. hxg4 Ra8
28. Be3 Qf3 29. Nh2 Qxe4 30. Qxe4 Bxe4 31. Rxd6 Bxc2 32. Nf3 Rfd8 33. Rxd8+
Rxd8 34. Bb6 Rd1 35. g5 Rd5 36. Rc1 Be4 37. Ne1 Bf5 38. Ng2 Be6 39. Bc7 Rd3 40.
Re1 Rxa3 41. Bxe5 Bxe5 42. Rxe5 Ra4 43. Nf4 Bb3 44. Nd3 Bc2 45. Nc5 Rxb4 46.
Nd7 Rg4+ 47. Kf1 Kg7 48. Nf6 Bd3+ 49. Ke1 Rg1+ 50. Kd2 Bf5 51. f4 Be6 52. Ne8+
Kf8 53. Nc7 Rg2+ 54. Kc3 Ke7 55. Nxa6 Rf2 56. Re4 Kd6 57. Rd4+ Kc6 58. Nb4+ Kb6
59. Nd3 Rf3 60. Kb4 Bc4 61. Nc5 Kc6 62. Re4 Rf1 63. Na6 Kd5 64. Re8 0-1

[Event "Politiken Cup 2007"]
[Site "Helsingor"]
[Date "2007.07.24"]
[Round "5.18"]
[White "Rasmussen, Allan Stig"]
[Black "Hanssen, Gunnar Berg"]
[Result "1-0"]
[WhiteElo "2450"]
[BlackElo "2242"]
[PlyCount "45"]
[EventDate "2007.??.??"]

1. e4 c5 2. d3 d5 3. Be2 Nc6 4. f4 g6 5. c3 Bg7 6. Nf3 Nf6 7. e5 Ng4 8. d4 Qb6
9. h3 Nh6 10. g4 e6 11. dxc5 Qxc5 12. b4 Qb6 13. Na3 f6 14. exf6 Bxf6 15. Qd3
Nxb4 16. Qd2 Nf7 17. Rb1 Nd6 18. Rxb4 Qc5 19. Nb5 O-O 20. Qe3 Qxe3 21. Bxe3
Nxb5 22. Rxb5 Bxc3+ 23. Kf2 1-0

[Event "Politiken Cup 2007"]
[Site "Helsingor"]
[Date "2007.07.24"]
[Round "5.19"]
[White "Christensen, Svend Ellegaard"]
[Black "Karttunen, Mika"]
[Result "1-0"]
[WhiteElo "2199"]
[BlackElo "2447"]
[PlyCount "75"]
[EventDate "2007.??.??"]

1. d4 d5 2. Nf3 Nf6 3. Bf4 c5 4. e3 Nc6 5. c3 e6 6. Nbd2 Bd6 7. Ne5 Qc7 8. Ndf3
Ne4 9. Bd3 f6 10. Nxc6 Bxf4 11. exf4 bxc6 12. O-O Qxf4 13. Qa4 Bd7 14. dxc5 e5
15. Bxe4 dxe4 16. Rfe1 Bf5 17. Rad1 O-O 18. Nd2 Rad8 19. Nf1 h5 20. Rd6 h4 21.
Re3 Rxd6 22. cxd6 h3 23. gxh3 Qg5+ 24. Rg3 Qc1 25. Qxa7 g5 26. h4 g4 27. h3 Qd1
28. hxg4 Bxg4 29. Qd7 f5 30. Qe6+ Kh7 31. Qe7+ Kg8 32. h5 Rf7 33. Qe8+ Kg7 34.
h6+ Kf6 35. Qh8+ Ke6 36. h7 Be2 37. Qe8+ Kxd6 38. Rg6+ 1-0

[Event "Politiken Cup 2007"]
[Site "Helsingor"]
[Date "2007.07.24"]
[Round "5.21"]
[White "Bulski, Krzysztof"]
[Black "Schultz-Pedersen, Jesper"]
[Result "1-0"]
[WhiteElo "2396"]
[BlackElo "2204"]
[PlyCount "81"]
[EventDate "2007.??.??"]

1. e4 Nc6 2. Nf3 e5 3. Bc4 d6 4. Nc3 Be7 5. h3 Nf6 6. d4 exd4 7. Nxd4 O-O 8.
Bb3 Na5 9. Nde2 Nxb3 10. axb3 Re8 11. Qd3 Nd7 12. Be3 a6 13. Qd2 b6 14. O-O-O
Bb7 15. g4 a5 16. Nd4 Nc5 17. f3 a4 18. b4 Nd7 19. Nd5 Ne5 20. Qc3 Bf8 21. h4
c6 22. Nf4 b5 23. Nh5 Nc4 24. Kb1 a3 25. Bg5 f6 26. b3 Nb2 27. Rd2 fxg5 28. Nf5
Re5 29. hxg5 c5 30. Rdh2 cxb4 31. Qd4 Qc7 32. Nhxg7 Bxg7 33. Rxh7 Rxf5 34. Rh8+
Kf7 35. g6+ Kxg6 36. exf5+ Kf7 37. R1h7 Rg8 38. g5 a2+ 39. Kxa2 Kf8 40. f6 Bxh8
41. Rxc7 1-0

[Event "Politiken Cup 2007"]
[Site "Helsingor"]
[Date "2007.07.24"]
[Round "5.22"]
[White "Thorfinnsson, Bragi"]
[Black "Christensen, Bo Garner"]
[Result "1-0"]
[WhiteElo "2389"]
[BlackElo "2223"]
[PlyCount "103"]
[EventDate "2007.??.??"]

1. d4 Nf6 2. c4 g6 3. Nc3 Bg7 4. e4 d6 5. Be2 O-O 6. Nf3 e5 7. O-O Nc6 8. d5
Ne7 9. b4 a5 10. Ba3 axb4 11. Bxb4 b6 12. a4 Nh5 13. a5 bxa5 14. Bxa5 Bg4 15.
h3 Bxf3 16. Bxf3 Nf4 17. Qb1 Qd7 18. Qb7 Rfc8 19. Rfb1 f5 20. Bb6 Rab8 21. Qa7
Nd3 22. Rb5 Qe8 23. Bxc7 Ra8 24. Qxa8 Rxa8 25. Rxa8 Qxa8 26. Rb8+ Qxb8 27. Bxb8
Nc8 28. Nb5 Bf8 29. Bc7 Nb4 30. exf5 gxf5 31. Bh5 Be7 32. g4 Na6 33. Ba5 Kf8
34. Nc7 Nxc7 35. Bxc7 Bf6 36. gxf5 Ke7 37. Bd1 Kd7 38. Ba5 Ne7 39. Bc2 Ng8 40.
Ba4+ Kc8 41. c5 Be7 42. c6 Bd8 43. Bb4 Bc7 44. Kf1 Nf6 45. Bb3 Kd8 46. Bd2 Ke8
47. Ke2 Kf7 48. Kd3 Ne8 49. Kc4 Kf6 50. Bc2 Kf7 51. Kb5 Ke7 52. Ka6 1-0

[Event "Politiken Cup 2007"]
[Site "Helsingor"]
[Date "2007.07.24"]
[Round "5.23"]
[White "Duchene, Rene"]
[Black "Olsson, Linus"]
[Result "1-0"]
[WhiteElo "2188"]
[BlackElo "2377"]
[PlyCount "91"]
[EventDate "2007.??.??"]

1. Nf3 d5 2. d4 Nc6 3. c4 Bg4 4. Nc3 e6 5. Bf4 Bb4 6. e3 Nge7 7. Rc1 O-O 8. h3
Bxf3 9. Qxf3 Ng6 10. cxd5 exd5 11. Bd3 Nxf4 12. Qxf4 Ne7 13. O-O c6 14. Ne2 Bd6
15. Qh4 Ng6 16. Qxd8 Raxd8 17. Bxg6 hxg6 18. h4 f6 19. g3 Kf7 20. Kg2 Rh8 21.
Ng1 Ra8 22. Rc2 a5 23. Nf3 Ra6 24. Rb1 Rb6 25. Ne1 a4 26. Nd3 Ra8 27. Rh1 Kg8
28. Kf3 Ra5 29. Rhc1 Rab5 30. Kg4 Kf7 31. Rh1 Ra6 32. h5 gxh5+ 33. Kxh5 g6+ 34.
Kg4 Kg7 35. f4 Ra8 36. Rch2 f5+ 37. Kf3 Kf6 38. Rh7 Rd8 39. R1h2 Bf8 40. Ne5
Bg7 41. g4 Rg8 42. g5+ Ke6 43. Nxg6 Bxd4 44. Ne7 Rg7 45. exd4 Rxe7 46. Re2+ 1-0

[Event "Politiken Cup 2007"]
[Site "Helsingor"]
[Date "2007.07.24"]
[Round "5.24"]
[White "Rasmussen, Casper"]
[Black "Rossen, Claus"]
[Result "1-0"]
[WhiteElo "2351"]
[BlackElo "2200"]
[PlyCount "69"]
[EventDate "2007.??.??"]

1. Nf3 Nf6 2. c4 e6 3. Nc3 Bb4 4. Qc2 b6 5. a3 Bxc3 6. Qxc3 Bb7 7. e3 O-O 8.
Be2 d6 9. O-O Nbd7 10. b4 c5 11. Bb2 Rc8 12. Rfd1 Qe7 13. d4 Ne4 14. Qb3 f5 15.
dxc5 bxc5 16. Ne1 Nb6 17. f3 Nf6 18. Rac1 Rfd8 19. Nd3 Bc6 20. b5 Ba8 21. a4 e5
22. a5 Nbd7 23. Nf2 Nf8 24. Rd2 Ne6 25. Rcd1 e4 26. Bxf6 gxf6 27. fxe4 Bxe4 28.
Nxe4 fxe4 29. Bg4 Rc7 30. Bxe6+ Qxe6 31. Rd5 Kf8 32. b6 axb6 33. Qxb6 Rdd7 34.
Rxd6 Qxc4 35. Rxd7 1-0

[Event "Politiken Cup 2007"]
[Site "Helsingor"]
[Date "2007.07.24"]
[Round "5.25"]
[White "Zhao, Parker"]
[Black "Jepson, Christian"]
[Result "1/2-1/2"]
[WhiteElo "2180"]
[BlackElo "2374"]
[PlyCount "59"]
[EventDate "2007.??.??"]

1. e4 g6 2. d4 Bg7 3. Nc3 d6 4. Be3 a6 5. Bd3 Nd7 6. Nf3 c5 7. O-O cxd4 8. Nxd4
Ngf6 9. f3 O-O 10. Qd2 Ne5 11. Rfd1 Be6 12. Nxe6 fxe6 13. Be2 Rc8 14. Rac1 Qa5
15. a3 Nc4 16. Bxc4 Rxc4 17. Ne2 Qxd2 18. Rxd2 Nd7 19. b3 Rc7 20. c4 Rfc8 21.
Nf4 Bh6 22. Kf2 Bxf4 23. Bxf4 b5 24. Rdc2 Nc5 25. Rc3 bxc4 26. bxc4 Na4 27.
R3c2 Nc5 28. Rc3 Na4 29. R3c2 Nc5 30. Rc3 1/2-1/2

[Event "Politiken Cup 2007"]
[Site "Helsingor"]
[Date "2007.07.24"]
[Round "5.27"]
[White "Salama, Omar"]
[Black "Olsen, Heini"]
[Result "0-1"]
[WhiteElo "2173"]
[BlackElo "2350"]
[PlyCount "134"]
[EventDate "2007.??.??"]

1. d4 Nf6 2. c4 e6 3. Nf3 b6 4. Nc3 Bb7 5. Bg5 h6 6. Bh4 Be7 7. e3 Ne4 8. Bxe7
Qxe7 9. Nxe4 Bxe4 10. Be2 O-O 11. O-O c5 12. Nd2 Bb7 13. Bf3 d6 14. Bxb7 Qxb7
15. Qf3 Nc6 16. Rfd1 cxd4 17. exd4 d5 18. cxd5 Nxd4 19. Qg4 e5 20. Nf3 f5 21.
Qh4 Qxd5 22. Nxd4 Rad8 23. Rd3 exd4 24. Rad1 Rfe8 25. f3 Qxa2 26. Qf2 Qc4 27.
h3 a5 28. Rxd4 Rxd4 29. Rxd4 Qc1+ 30. Kh2 Re1 31. Qd2 Qxd2 32. Rxd2 Kf7 33. Rd5
Kf6 34. Rb5 Re6 35. Kg3 Rc6 36. h4 Rd6 37. Kf4 Rd4+ 38. Ke3 Rd6 39. Kf4 g6 40.
g4 fxg4 41. fxg4 Ke6 42. Ke4 Rc6 43. Kd4 Kd6 44. b3 Kd7 45. h5 Rd6+ 46. Kc3 Kc6
47. Re5 g5 48. Rf5 b5 49. Rf8 Kd5 50. Kd3 Kc5+ 51. Kc3 b4+ 52. Kc2 Kd4 53. Re8
Rf6 54. Rd8+ Ke4 55. Rg8 Rf2+ 56. Kc1 Kd3 57. Rc8 Rf4 58. Kb2 Rxg4 59. Rd8+ Rd4
60. Rh8 Rd6 61. Ra8 Rf6 62. Rd8+ Ke4 63. Re8+ Kf3 64. Rg8 g4 65. Rg6 Rf5 66.
Rxh6 g3 67. Rg6 Rxh5 0-1

[Event "Politiken Cup 2007"]
[Site "Helsingor"]
[Date "2007.07.24"]
[Round "5.29"]
[White "Corke, Anya"]
[Black "Kjartansson, Gudmundur"]
[Result "1-0"]
[WhiteElo "2149"]
[BlackElo "2306"]
[PlyCount "91"]
[EventDate "2007.??.??"]

1. d4 Nf6 2. Bg5 e6 3. e4 h6 4. Bxf6 Qxf6 5. c3 b6 6. Bd3 Bb7 7. Ne2 d6 8. O-O
Nd7 9. Nd2 g6 10. f4 Bg7 11. f5 gxf5 12. exf5 e5 13. Ng3 O-O-O 14. Nde4 Qe7 15.
d5 Bf6 16. a4 Kb8 17. Be2 Bg5 18. a5 Be3+ 19. Kh1 Nc5 20. b4 Nxe4 21. Nxe4 c6
22. Qd3 cxd5 23. Qxe3 dxe4 24. axb6 d5 25. Rxa7 d4 26. cxd4 exd4 27. Qa3 Rd6
28. b5 Rd7 29. Qa4 Qc5 30. Ra1 Qxb6 31. Ra8+ Bxa8 32. Qxa8+ Kc7 33. Rc1+ Kd6
34. Qxh8 Ke7 35. Qe5+ Kd8 36. Ra1 Ra7 37. Qd5+ Kc8 38. Rc1+ Kb8 39. Qe5+ Rc7
40. Qe8+ Kb7 41. Qxe4+ Kb8 42. Ra1 Qa5 43. Qe8+ Kb7 44. Bf3+ Kb6 45. Qb8+ Kc5
46. Rxa5 1-0

[Event "Politiken Cup 2007"]
[Site "Helsingor"]
[Date "2007.07.24"]
[Round "5.30"]
[White "Dalberg, Preben"]
[Black "Tocklin, Tomi"]
[Result "1/2-1/2"]
[WhiteElo "2205"]
[BlackElo "1943"]
[PlyCount "49"]
[EventDate "2007.??.??"]

1. d4 Nf6 2. c4 c5 3. d5 b5 4. cxb5 a6 5. f3 axb5 6. e4 Qa5+ 7. Bd2 b4 8. Na3
d6 9. Nc4 Qc7 10. Bd3 g6 11. Ne2 Bg7 12. O-O O-O 13. Qc2 Nbd7 14. a3 bxa3 15.
Rxa3 Rxa3 16. bxa3 Ba6 17. Nc3 Rb8 18. a4 Nb6 19. Nxb6 Bxd3 20. Qxd3 Qxb6 21.
Qb1 Qb2 22. Qc1 Nd7 23. a5 Bd4+ 24. Kh1 Ne5 25. Ne2 1/2-1/2

[Event "Politiken Cup 2007"]
[Site "Helsingor"]
[Date "2007.07.24"]
[Round "5.31"]
[White "Hirneise, Tobias"]
[Black "Thorhallsson, Gylfi"]
[Result "1-0"]
[WhiteElo "2293"]
[BlackElo "2195"]
[PlyCount "109"]
[EventDate "2007.??.??"]

1. e4 c5 2. Nf3 Nc6 3. d4 cxd4 4. Nxd4 Nf6 5. Nc3 d6 6. Bg5 e6 7. Qd2 Be7 8.
O-O-O a6 9. f3 Nxd4 10. Qxd4 Qa5 11. h4 Bd7 12. Kb1 Qc5 13. Qxc5 dxc5 14. e5
Nh5 15. Bxe7 Kxe7 16. Ne4 Rac8 17. Rg1 Nf4 18. g3 Nd5 19. Nd6 Rb8 20. c4 Nb4
21. Nxf7 Rhf8 22. Ng5 h6 23. Ne4 Rxf3 24. Nxc5 Be8 25. Rd6 b6 26. Rxe6+ Kf7 27.
Be2 Rf5 28. Bg4 bxc5 29. Bxf5 Bd7 30. Rf6+ gxf6 31. Bxd7 fxe5 32. Bf5 Nc6 33.
Be4 Nd4 34. Rf1+ Ke7 35. Bd5 Rf8 36. Rxf8 Kxf8 37. g4 Kg7 38. Kc1 Kf6 39. Kd2
h5 40. gxh5 Nf5 41. Be4 Nh6 42. a3 Ke6 43. Ke3 a5 44. Kf3 Kf6 45. Bh7 Ke7 46.
Ke4 Ke6 47. Bg6 Kd6 48. Be8 Ke6 49. Bc6 Kd6 50. Bd5 Ng4 51. Kf5 Ne3+ 52. Kg6
Nxd5 53. cxd5 Kxd5 54. h6 e4 55. h7 1-0